LEADER 00871nam0-22003131i-450- 001 990001304770403321 005 20080909124815.0 035 $a000130477 035 $aFED01000130477 035 $a(Aleph)000130477FED01 035 $a000130477 100 $a20001205d1959----km-y0itay50------ba 101 0 $aeng 200 1 $aElectronic digital computers$fC. V. L. Smith 210 $aNew York [etc.]$cMcGraw-Hill Book Company$d1959 215 $a443 p.$cill.$d24 cm 610 0 $aArchitetture degli elaboratori digitali 676 $a004.24 700 1$aSmith,$bCharles V.l.$059174 801 0$aIT$bUNINA$gRICA$2UNIMARC 901 $aBK 912 $a990001304770403321 952 $a8-I-15$b3813$fMA1 952 $a10 C 32$b82 CCE$fDINEL 959 $aMA1 959 $aDINEL 962 $a68M20 996 $aElectronic digital computers$9383251 997 $aUNINA LEADER 01325nam--2200409---450- 001 990001477640203316 005 20040528083122.0 010 $a0-8247-0826-1 035 $a000147764 035 $aUSA01000147764 035 $a(ALEPH)000147764USA01 035 $a000147764 100 $a20040304d2003----km-y0enga50------ba 101 $aeng 102 $aUS 105 $aa|||||||001yy 200 1 $aScale-up and optimization in preparative chromatography$ePrinciples and biofarmaceutical applications$fedited by Anurag Rethore, Ajioy Velayundhan 210 $aNew York [etc.]$cMarcel Dekker$dcopyr. 2003 215 $aX, 342 p.$cill, diagrammi$d24 cm 225 2 $aChromatpgraphis science series$v88 410 0$12001$aChromatpgraphis science series$v88 454 1$12001 461 1$1001-------$12001 606 0 $aCromatografia 676 $a544.92 702 1$aRETHORE,$bAnurag 702 1$aVELAYUDHAN,$bAjoy 801 0$aIT$bsalbc$gISBD 912 $a990001477640203316 951 $a544.92 SCA$b3705 FAR$c544.92$d00132564 959 $aBK 969 $aFAR 979 $aMARIA$b10$c20040304$lUSA01$h1304 979 $aPATRY$b90$c20040406$lUSA01$h1743 979 $aSIAVER1$b90$c20040528$lUSA01$h0831 996 $aScale-up and optimization in preparative chromatography$9933860 997 $aUNISA